「え段」から始まる市区町村 - Statistics

General Stats
  • This quiz has been taken 10 times
  • The average score is 54 of 59
Answer Stats
最初 都道府県 Answer % Correct
福井県 永平寺町
100%
北海道 江差町
100%
北海道 枝幸町
100%
福井県 越前市
100%
北海道 恵庭市
100%
北海道 江別市
100%
北海道 遠軽町
100%
岐阜県 下呂市
100%
佐賀県 玄海町
100%
岐阜県 関市
100%
東京都 世田谷区
100%
岡山県 瀬戸内市
100%
宮城県 仙台市
100%
香川県 善通寺市
100%
秋田県 仙北市
100%
山形県 天童市
100%
北海道 根室市
100%
大阪府 寝屋川市
100%
東京都 練馬区
100%
北海道 別海町
100%
大分県 別府市
100%
東京都 目黒区
100%
北海道 芽室町
100%
北海道 礼文町
100%
広島県 江田島市
89%
福井県 越前町
89%
東京都 江戸川区
89%
岐阜県 恵那市
89%
神奈川県 海老名市
89%
宮崎県 えびの市
89%
北海道 えりも町
89%
北海道 遠別町
89%
宮城県 気仙沼市
89%
北海道 剣淵町
89%
京都府 精華町
89%
愛媛県 西予市
89%
新潟県 聖籠町
89%
新潟県 関川村
89%
大阪府 摂津市
89%
愛知県 瀬戸市
89%
鹿児島県 瀬戸内町
89%
大阪府 泉南市
89%
北海道 天塩町
89%
奈良県 天理市
89%
奈良県 平群町
89%
三重県 明和町
89%
群馬県 明和町
89%
高知県 芸西村
78%
福岡県 桂川町
78%
岐阜県 関ヶ原町
78%
北海道 せたな町
78%
北海道 弟子屈町
78%
福島県 天栄村
78%
奈良県 天川村
78%
長野県 天龍村
78%
愛知県 碧南市
78%
熊本県 苓北町
78%
広島県 世羅町
67%
長野県 根羽村
67%
No matching quizzes found
Score Distribution
Percent of People with Each Score
Percentile by Number Answered
Your Score History
You have not taken this quiz